| 000 | 03478nam a2200445 i 4500 | ||
|---|---|---|---|
| 001 | 193592 | ||
| 003 | ES-MaACL | ||
| 005 | 20250720091907.0 | ||
| 007 | ta | ||
| 008 | 240117b2011 sp ||||| |||| 00| 0 spa d | ||
| 017 |
_aM 25180-2011 _bOficina Depósito Legal Madrid |
||
| 020 | _a9788415014690 | ||
| 040 |
_bspa _cES-MaACL |
||
| 080 | _a821.134.2-14"19/20"(082.2) | ||
| 080 | _a316.367.7(0:82) | ||
| 245 | 0 | 0 |
_aBlanco nuclear : _bantología de poesía gay y lésbica última / _ccoordinada por Luis Daniel Pino |
| 250 | _aPrimera edición: 2011 | ||
| 264 |
_aMadrid : _bSial, _c2011 |
||
| 300 |
_a281 páginas : _bilustraciones (blanco y negro) ; _c21 cm |
||
| 336 |
_2rdacontent _aTexto |
||
| 337 |
_2rdamedia _asin mediación |
||
| 338 |
_2rdacarrier _avolumen |
||
| 490 | 1 |
_aContrapunto _v; 63 |
|
| 500 | _aÍndice | ||
| 520 | _aBlanco Nucleares un panorama de poetas que en algún momento de sus itinerarios poéticos han trabajado o lo están haciendo con la temática homosexual en el marco temporal de las tres décadas que constituyen la democracia española. Arranca, por tanto,en los años ochenta, cuando el país empieza a dejar atrás una dictadura de mas de cuarenta años y la libertad intenta instalarse en la mentalidad de una sociedad que empieza a mirar a su alrededor sin prejuicios. También están incluidos algunos autores que no aluden de manera explícita a dicha temática, si bien existe en sus textos la sutileza de una mirada versátil y gozosamente ambigua, alejada de las estrategias de ocultación que tradicionalmente han propiciado el rubor o el miedo a expresar libremente una determinada tendencia erótica. Los textos de la antología reflexionan sobre algunas preguntas básicas: ¿dónde permanece la sexualidad que atraviesa un poema, en el escritor o en el lector?; ¿la poesía tiene sexo? Dentro de esta antología hay poetas que lo dejan claro desde el principio: en sus poemas convive el deseo de amar a una persona del mismo sexo; pero en otros casos, y aquí juega un papel importante el lector, se deja abierta esa posibilidad para que sea este último, hombre o mujer, quien intervenga para imaginar el género del amado. Hablar de identidad en esta antología es hablar de voces que reclaman su capacidad de enunciar, cuestionar y reinterpretar los códigos sociales y sexuales tradicionales. Los poetas sugieren esa perspectiva o espacio que sujeta sus contextos y sus diferentes maneras de pensar bajo una libertad absoluta donde su sexualidad se materializa en un encuentro universal. Blanco Nucleares un homenaje a un color que no es tal, o desde otra perspectiva, es la suma de todos. Luis Daniel Pino | ||
| 650 | 4 |
_916221 _aPoesías españolas- _yS.XX |
|
| 650 | 4 |
_aPoesía española- _yS.XXI _916222 |
|
| 650 | 0 |
_9233928 _aHomosexualidad- _vPoesías |
|
| 650 | 0 |
_9239713 _aLesbianas |
|
| 700 | 1 |
_9234899 _aPino, Luis Daniel, _d1975- _epbl |
|
| 830 |
_9176671 _aContrapunto |
||
| 852 |
_aES-MaACL _bR. 154499 _cDEPOJ _jN-9598 _hDonación: José Manuel Lucía Megías _9201054 _xEncuadernación rústica con solapas |
||
| 903 |
_aLucía Megías, José Manuel, _d1967- _ednr _9240291 |
||
| 942 |
_n0 _cMONOGRAFIA |
||
| 999 |
_c193592 _d193592 |
||